Analýza zahraničného obchodu malých ostrovných štátov Oceánie

Vývoj zahraničného obchodu malých ostrovných štátov a území Oceánie od roku 1995 dodnes. Rast hodnoty zahraničného obchodu týchto štátov v uplynulých 17 rokoch bol výrazne pomalší ako rast svetového obchodu. To znamená, že ich význam v globálnej ekonomike postupne klesá. Malé ostrovné štáty Oceánie...

Descripción completa

Guardado en:
Detalles Bibliográficos
Autor principal: Grančay, Martin, 1984-2024
Formato: Capítulo de libro
Lenguaje:eslovaco
Materias:
Etiquetas: Agregar Etiqueta
Sin Etiquetas, Sea el primero en etiquetar este registro!

MARC

LEADER 00000nla a2200000 4500
001 0194188
005 20240502073242.0
041 0 |a slo 
044 |a SK 
245 1 0 |a Analýza zahraničného obchodu malých ostrovných štátov Oceánie  |c Martin Grančay 
520 |a Vývoj zahraničného obchodu malých ostrovných štátov a území Oceánie od roku 1995 dodnes. Rast hodnoty zahraničného obchodu týchto štátov v uplynulých 17 rokoch bol výrazne pomalší ako rast svetového obchodu. To znamená, že ich význam v globálnej ekonomike postupne klesá. Malé ostrovné štáty Oceánie sú takmer všetky do veľkej miery závislé na importoch ropy. Vnútroregionálny obchod Oceánie je s výnimkou kľúčovej roly Fidži pre viaceré štáty minimálny. Obchod medzi Slovenskou republikou a štátmi a územiami Oceánie, kde najvýznamnejšie sú exporty SR do Francúzskej Polynézie. 
610 2 0 |a Oceánia 
610 2 0 |a obchod zahraničný 
610 2 0 |a štruktúra vývozu 
610 2 0 |a komodity 
100 1 |a Grančay, Martin, 1984-2024